Statistiques concernant Départements français par deux premières lettres

Cliquez ici pour prendre le quiz!

Statistiques générales

  • Ce quiz a été pris 72 417 fois
  • Le résultat moyen est 51 sur 101

Réponses sur la Carte

Les réponses sont colorées sur une échelle allant du rouge au vert en fonction du pourcentage des utilisateurs qui les ont devinées à leur premier essai. Vous pouvez retrouver ces pourcentages ci-dessous.
Chargement ...
 

Statistiques - réponses

Départements% Correct
19Corrèze
77%
2ACorse-du-Sud
77%
21Côte-d'Or
77%
22Côtes-d'Armor
77%
2BHaute-Corse
75%
31Haute-Garonne
75%
43Haute-Loire
75%
49Maine-et-Loire
75%
51Marne
75%
976Mayotte
75%
52Haute-Marne
75%
65Hautes-Pyrénées
75%
68Haut-Rhin
75%
70Haute-Saône
75%
74Haute-Savoie
75%
87Haute-Vienne
75%
92Hauts-de-Seine
75%
972Martinique
75%
53Mayenne
75%
50Manche
75%
5Hautes-Alpes
75%
75Paris
74%
62Pas-de-Calais
74%
41Loir-et-Cher
73%
48Lozère
73%
42Loire
73%
44Loire-Atlantique
73%
45Loiret
73%
46Lot
73%
47Lot-et-Garonne
73%
59Nord
69%
4Alpes-de-Haute-Provence
68%
3Allier
68%
6Alpes-Maritimes
68%
29Finistère
62%
974La Réunion
61%
69Rhône (et métropole de Lyon)
60%
56Morbihan
60%
57Moselle
60%
2Aisne
58%
1Ain
58%
67Bas-Rhin
55%
93Seine-Saint-Denis
53%
77Seine-et-Marne
53%
76Seine-Maritime
53%
14Calvados
52%
15Cantal
52%
73Savoie
50%
95Val-d'Oise
50%
94Val-de-Marne
50%
71Saône-et-Loire
50%
72Sarthe
50%
84Vaucluse
50%
83Var
50%
7Ardèche
49%
8Ardennes
49%
66Pyrénées-Orientales
49%
9Ariège
49%
64Pyrénées-Atlantiques
49%
35Ille-et-Vilaine
48%
971Guadeloupe
45%
973Guyane
45%
18Cher
44%
13Bouches-du-Rhône
44%
40Landes
44%
17Charente-Maritime
44%
16Charente
44%
33Gironde
43%
54Meurthe-et-Moselle
40%
55Meuse
40%
10Aube
39%
11Aude
39%
30Gard
36%
24Dordogne
35%
25Doubs
35%
80Somme
35%
27Eure
31%
28Eure-et-Loir
31%
85Vendée
31%
60Oise
29%
34Hérault
28%
78Yvelines
28%
82Tarn-et-Garonne
27%
81Tarn
27%
36Indre
26%
37Indre-et-Loire
26%
38Isère
25%
91Essonne
23%
58Nièvre
23%
61Orne
23%
32Gers
23%
86Vienne
22%
26Drôme
22%
12Aveyron
22%
79Deux-Sèvres
22%
88Vosges
21%
39Jura
21%
23Creuse
21%
63Puy-de-Dôme
19%
90Territoire de Belfort
17%
89Yonne
17%

Distribution des résultats

Percentile par nombre de réponses

% des personnes avec chaque résultat

Votre développement - résultats

Vous n’avez pas pris ce quiz